000 00622nam a2200205Ia 4500
001 14449
003 IVS
005 20250626030305.0
008 211022s9999 xx 000 0 und d
040 _cIVS
082 _a720 SAA
100 _aSaad Khan Mandokhail
245 4 _aThe evolution of mosques in our context,and their potential to serve as catalysts for social intergration
260 _aKarachi
260 _bIndus Valley School of Art & Architecture
260 _c2019
300 _a40
856 _uhttps://drive.google.com/file/d/16FAwDMkFPCDLUPgc_hRshv2HFGPj03MZ/view?usp=sharing
942 _cDISS
_2ddc
_n0
999 _c9945
_d9945